Top 50 football national teams: 2010 - Statistics

General Stats
  • This quiz has been taken 83 times
  • The average score is 37 of 50
Answer Stats
# Team % Correct
3 Germany
97%
1 Spain
97%
5 Argentina
95%
14 Italy
95%
4 Brazil
93%
2 Netherlands
92%
8 Portugal
92%
=18 United States
92%
6 England
89%
13 Russia
88%
33 Sweden
88%
7 Uruguay
88%
15 Chile
86%
29 Japan
86%
27 Mexico
86%
40 South Korea
86%
48 Colombia
85%
28 Denmark
85%
=18 France
85%
26 Australia
84%
22 Switzerland
84%
12 Norway
82%
=46 Austria
81%
9 Egypt
81%
10 Croatia
80%
35 Algeria
78%
34 Ukraine
78%
11 Greece
77%
23 Serbia
77%
20 Slovakia
77%
31 Turkey
77%
21 Ivory Coast
76%
17 Slovenia
76%
30 Czech Republic
74%
36 Ireland
74%
32 Nigeria
74%
16 Ghana
73%
42 Hungary
73%
24 Paraguay
73%
45 Tunisia
70%
37 Cameroon
65%
44 Bosnia and Herzegovina
61%
49 Bulgaria
59%
25 Montenegro
41%
43 Northern Ireland
41%
50 Israel
38%
38 Belarus
36%
=46 Guinea
16%
39 Gabon
15%
41 Burkina Faso
12%
No matching quizzes found
Score Distribution
Percent of People with Each Score
Percentile by Number Answered
Your Score History
You have not taken this quiz